000 00634nam a2200241Ia 4500
003 OSt
005 20221005121719.0
006 a|||||r|||| 00| 0
007 ta
008 221004b |||||||| |||| 00| 0 eng d
024 _a67814
037 _cTextual
040 _aCRL
_cCRL
_beng
041 _2eng
_aeng
082 _aX9J3z8Y1:52, K1
100 _aRussell E John
_9130769
245 0 _aHunger
_b Can it be averted ?
260 _c1961
650 _aECONOMICS
700 _a Wright Norman C
_9631006
942 _hX9J3z8Y1:52, K1
_cTEXL
_2cc
999 _c1042025
_d1042025